Amigos robots /

Guardado en:
Autor Principal: Asimov, Isaac
Otros Autores: Shannon, David, il., Torres Oliver, Francisco, trad., Casa, Gabriel, col.
Formato: Libro
Publicado: Buenos Aires : Vicens Vives, 2013
Materias:
Etiquetas: Agregar Etiqueta
Sin Etiquetas, Sea el primero en etiquetar este registro!
LEADER 01012nam a22003135a 4500
001 CEM.cems018233
005 20140326103111.0
008 130507s2013##################000#0#####d
003 CEMS
020 |a 9789871291496 
082 0 4 |a 818 
100 1 |a Asimov, Isaac 
245 1 0 |a Amigos robots /  |c Isaac Asimov ; ilustraciones de David Shannon ; traducción de Francisco Torres Oliver ; actividades Gabriel Casas 
260 |a Buenos Aires :  |b  Vicens Vives,  |c 2013 
300 |a 96 p. 
505 0 |a Robbie - Sally 
653 |a Literatura 
653 |a Literatura norteamericana 
653 |a Cuentos 
653 |a Cuento norteamericano 
653 |a Narrativa 
653 |a Literatura infantil 
653 |a Literatura ciencia ficción 
653 |a Ciencia ficción 
653 |a Ministerio de educación-colección literaria 
700 1 |a Shannon, David, il. 
700 1 |a Torres Oliver, Francisco, trad. 
700 1 |a Casa, Gabriel, col. 
859 |a CEMS  |b BIB. CEMS - Agricultura  |h 818  |i As428  |p A2000.14  |t Ej.1